书目信息 |
| 题名: |
生理光学
|
|
| 作者: | ;杨雄里 译 ;日本应用物理学会光学讨论会 编 | |
| 分册: | ||
| 出版信息: | 北京 科学出版社 1980 |
|
| 页数: | 322页 | |
| 开本: | 19cm | |
| 丛书名: | ||
| 单 册: | ||
| 中图分类: | R339.14 | |
| 科图分类: | ||
| 主题词: | 光生理学 , 人体生理学 | |
| 电子资源: | ||
| ISBN: | ||
| 000 | 00812nam0 2200265 45 | |
| 001 | 0180009084 | |
| 005 | 20061121091926.62 | |
| 010 | @dCNY1.70 | |
| 091 | @aCN@b13031.1359 | |
| 100 | @a19950415d1980 emky0chiy0121 ea | |
| 101 | 1 | @achi@cjpn |
| 102 | @aCN@b110000 | |
| 105 | @ay z 000yy | |
| 200 | 10 | @a生理光学@Asheng li guang xue@e眼的光学与视觉@f日本应用物理学会光学讨论会编@g杨雄里译 |
| 210 | @a北京@c科学出版社@d1980 | |
| 215 | @a322页@d19cm | |
| 517 | 1 | @a眼的光学与视觉@Ayan de guang xue yu shi jue |
| 606 | @a光生理学 | |
| 606 | 0 | @a人体生理学 |
| 690 | @aR339.14@v3 | |
| 702 | 0 | @a杨雄里@Ayang xiong li@4译 |
| 711 | 02 | @a日本应用物理学会光学讨论会@Ari ben ying yong wu li xue hui guang xue tao lun hui@4编 |
| 801 | 2 | @aCN@bNLC@c20061121 |
| 801 | 0 | @aCN@bTSSF |
| 905 | @a10447@dR339.14@e4 | |
| 生理光学:眼的光学与视觉/日本应用物理学会光学讨论会编/杨雄里译.-北京:科学出版社,1980 |
| 322页;19cm |
| ISBN :CNY1.70 |
| ● |
| 相关链接 |
|
|
|
|
正题名:生理光学
索取号:R339.14/4
 
预约/预借
| 序号 | 登录号 | 条形码 | 馆藏地/架位号 | 状态 | 备注 |
| 1 | 000708149 | 207081496 | 密集书库/ [索取号:R339.14/4] | 在馆 | |
| 2 | 0036665 | 000708149 | 第二样本阅览室/ [索取号:R339.14/4] | 在馆 |